| 000 | 00733nam a22002417a 4500 | ||
|---|---|---|---|
| 003 | DO-SdBNP | ||
| 005 | 20171110094002.0 | ||
| 008 | 171110b 2005| |||| 00| 0 spa d | ||
| 020 | _a9993439223 | ||
| 040 |
_aBPMSU _bspa _cBPMSU |
||
| 082 |
_axxxxx _bxxxxx |
||
| 100 | 1 |
_aSilié Gatón, Domingo, _d1923- |
|
| 245 | 1 | 0 |
_aProyecciones morales y cívicas / _cDomingo Silié Gatón ; prólogo José Rijo |
| 250 | _a2 | ||
| 260 | _aSanto Domingo : Ediciones Librería la Trinitaria | ||
| 300 |
_a116 p. ; _c22 cm. |
||
| 700 | 1 |
_aRijo, José, _epról. |
|
| 852 | _t1 | ||
| 856 | _3Archivo Digital Biblioteca Nacional | ||
| 856 | _ubiblio.bnphu.gob.do/Archivos_Digitales/PDF | ||
| 942 |
_2ddc _cBK |
||
| 956 |
_aBTAVAREZ _b10 _c20171110 _d0038 |
||
| 999 |
_c12836 _d12836 |
||